Normal view
MARC view
Entry Personal Name
001 - CONTROL NUMBER
- control field: 749681
003 - CONTROL NUMBER IDENTIFIER
- control field: OSt
005 - DATE AND TIME OF LATEST TRANSACTION
- control field: 20250326144444.0
008 - FIXED-LENGTH DATA ELEMENTS
- fixed length control field: 250326|| aca||aabn | a|a d
040 ## - CATALOGING SOURCE
- Original cataloging agency: OSt
- Transcribing agency: OSt
100 ## - HEADING--PERSONAL NAME
- Personal name: Bechet T P
670 ## - SOURCE DATA FOUND
- Source citation: Work cat.: (OSt)1303753: Bechet T P, Strategic staffing : comprehensive system for effective workforce planning, 2008
